Айстри минулої осені (Запис № 17567)

000 -Маркер запису
Контрольне поле сталої довжини 01782nam a22002537a 4500
003 - Належність контрольного номера
Контрольне поле Uzh_bibl
008 - Кодовані дані
Контрольне поле сталої довжини 260429b |||||||| |||| 00| 0 ukr d
020 ## - Індекс ISBN
Ціна 0.75
040 ## - Джерело каталогіз.
Служба первин.кат. укр.
041 ## - Код мови видання
Код мови оригіналу українська
Код мови тексту українська
080 ## - Індекс УДК
Індекс УДК 821(477)
090 ## - Шифри
Поличний індекс 821(477)
Авторський знак М 99
100 ## - Автор
Автор М'ястківський, Андрій
245 ## - Назва
Назва Айстри минулої осені
Фізичний носій Текст
260 ## - Вихідні дані
Місце видання Київ
Видавництво Радянський письменник
Дата видання 1981
300 ## - Фізичний опис
Обсяг 247 с.
Тип одиниці В опр.
520 ## - Анотація
Анотація Книга "Айстри минулої осені" - своєрідне продовження книги українського письменника "При світлі соняшників". Автор залишається вірним темі подільського села, змальовує яскраві портрети його людей - сучасних хліборобів. Твором збірки притаманні ліризм, тонкий гумор, глибоке проникнення у внутрішній світ героїв. У ряді творів викриваються негативні явища, які ще трапляються в нашому житті.
521 ## - Примітка про цільове призначення
Примітка про цільове призначення Для широкого кола читачів
546 ## - Примітка про мову
Примітка про мову укр.
650 ## - Тематичні рубрики
Основна рубрика Літературно-художнє видання
Хронологічна підрубрика Друга половина ХХ століття (сучасний авторові час)
Географічна підрубрика Україна. Подільське село
653 ## - Ключові слова
Ключові слова Село
-- Люди
-- Праця
-- Мораль
-- Характер
655 ## - Термін індексування — жанр/форма
Жанр/форма Новели та діалоги (соціально-побутова, психологічна проза)
Типове ділення Новели та діалоги
942 ## - ADDED ENTRY ELEMENTS (KOHA)
Джерело класифікації чи схема поличного розташування
Koha item type Книги
Фонди
Статус вилучення Статус втрати/відсутності Джерело класифікації чи схема поличного розташування Статус пошкодження Тип обігу (не для випозичання) Постійне розташування Поточне розташування Розташування у відділі Дата надходження Інвентарний номер Total Checkouts Повний (примірниковий) шифр зберігання Штрих-код Date last seen Дата, для якої чинна ціна заміни Тип одиниці (рівень примірника)
          Публічна бібліотека Публічна бібліотека Абонемент 29/04/2026 18569   821(477) 20332 29/04/2026 29/04/2026 Книги

Працює на АБІС Коха